000
00322nam a22001217a 4500
040
_c
SY
082
_a
631
100
_a
ជួង សុផល
245
_a
Agricultural machinery, ឧបករណ៍ និងម៉ាស៊ីនកសិកម្ម
260
_a
RUA
_b
ជួង
_c
2008
300
_a
30p.
942
_c
KB
999
_c
10089
_d
10089